[Event "Prague Golden Blitz op"]
[Site "Prague"]
[Date "2023.06.18"]
[Round "3"]
[White "Fabian, Jan"]
[Black "Hrdlicka, Vaclav"]
[Result "1-0"]
[WhiteElo "2001"]
[BlackElo "1563"]
[PlyCount "131"]
[EventDate "2023.06.18"]
[EventType "swiss (blitz)"]
[EventRounds "11"]
[EventCountry "CZE"]
[SourceTitle "CBM 215 Extra"]
[Source "ChessBase"]
[SourceDate "2023.09.30"]
[SourceVersion "1"]
[SourceVersionDate "2023.09.30"]
[SourceQuality "1"]

1. e4 d6 2. d4 Nf6 3. Nc3 c6 4. f4 e5 5. dxe5 dxe5 6. Qxd8+ Kxd8 7. fxe5 Ng4 8. Nf3 Nd7 9. h3 Ngxe5 10. Bg5+ f6 11. Nxe5 Nxe5 12. 0-0-0+ Kc7 13. Bf4 Bb4 14. Ne2 Be6 15. a3 Ba5 16. Nd4 Bf7 17. c4 Bb6 18. Be2 Bxd4 19. Rxd4 Rad8 20. Rhd1 Rxd4 21. Rxd4 Rd8 22. Rxd8 Kxd8 23. b3 Bg6 24. Bxe5 fxe5 25. Bd3 Ke7 26. c5 h6 27. b4 b6 28. a4 bxc5 29. bxc5 Kd7 30. g3 a5 31. Kd2 Bf7 32. Kc3 g5 33. Be2 Bg6 34. Bg4+ Kc7 35. Bf5 Bf7 36. h4 Bg8 37. hxg5 hxg5 38. Bg4 Bf7 39. Bd1 Bg6 40. Kd3 Bf7 41. Ke3 Kd7 42. Bg4+ Ke7 43. Bd1 Kd7 44. Kd3 Bg6 45. Bg4+ Ke7 46. Bc8 Be8 47. Bf5 Bf7 48. Kc3 Be8 49. Bg4 Bf7 50. Be2 Be8 51. Bc4 Bg6 52. Kd3 Be8 53. Ke3 Bg6 54. Bg8 Be8 55. Kf3 Kf6 56. Bc4 Bd7 57. Bd5 Be8 58. Bc4 Bd7 59. Ke3 Be8 60. Be2 Ke6 61. Bd1 Kf6 62. Bg4 Ke7 63. Bf5 Kf6 64. Kf3 Bf7 65. Bd7 Bb3 66. Bxc6 1-0

[Event "Prague Golden Blitz op"]
[Site "Prague"]
[Date "2023.06.18"]
[Round "5"]
[White "Hrdlicka, Vaclav"]
[Black "Ruban, Irina"]
[Result "0-1"]
[WhiteElo "1563"]
[BlackElo "1873"]
[PlyCount "58"]
[EventDate "2023.06.18"]
[EventType "swiss (blitz)"]
[EventRounds "11"]
[EventCountry "CZE"]
[SourceTitle "CBM 215 Extra"]
[Source "ChessBase"]
[SourceDate "2023.09.30"]
[SourceVersion "1"]
[SourceVersionDate "2023.09.30"]
[SourceQuality "1"]

1. d4 Nf6 2. Nf3 b6 3. c4 Bb7 4. d5 c6 5. Nc3 cxd5 6. cxd5 d6 7. e4 Nbd7 8. Bb5 a6 9. Ba4 b5 10. Bc2 g6 11. a3 Rc8 12. 0-0 Bg7 13. Bf4 0-0 14. Re1 Nh5 15. Bd2 Nb6 16. Rc1 Nc4 17. Rb1 Nxd2 18. Qxd2 Qb6 19. Qe3 Qa5 20. e5 Rfe8 21. g4 dxe5 22. gxh5 Rc4 23. Nxe5 Rh4 24. Bd1 f6 25. Nf3 Rg4+ 26. Kh1 e6 27. dxe6 Qc7 28. Rg1 Rh4 29. Bb3 Qxh2# 0-1

[Event "Plzen op"]
[Site "Plzen"]
[Date "2012.08.24"]
[Round "8"]
[White "Hollan, Petr"]
[Black "Hrdlicka, Vaclav"]
[Result "1-0"]
[WhiteElo "1718"]
[BlackElo "1740"]
[PlyCount "51"]
[EventDate "2012.08.18"]
[EventType "swiss"]
[EventRounds "9"]
[EventCountry "CZE"]
[SourceTitle "CBM 150 Extra"]
[Source "ChessBase"]
[SourceDate "2012.10.19"]
[SourceVersion "1"]
[SourceVersionDate "2012.10.19"]
[SourceQuality "1"]

1. e4 c5 2. Nf3 e6 3. d4 cxd4 4. Nxd4 a6 5. Be2 d6 6. 0-0 Nf6 7. Nc3 Nc6 8. Be3 Qc7 9. f3 Be7 10. Qd2 0-0 11. a4 Bd7 12. Kh1 d5 13. exd5 Nxd5 14. Nxd5 exd5 15. Nb3 Be6 16. a5 Bb4 17. Bb6 Bxd2 18. Bxc7 Bb4 19. c3 Be7 20. Bb6 Rac8 21. f4 f5 22. Bf3 Bf6 23. Nc5 Bf7 24. Nxb7 Rb8 25. Nd6 Bd8 26. Nxf7 1-0

[Event "Plzen op"]
[Site "Plzen"]
[Date "2012.08.20"]
[Round "4"]
[White "Hrdlicka, Vaclav"]
[Black "Chalus, Karel"]
[Result "0-1"]
[WhiteElo "1740"]
[BlackElo "2049"]
[PlyCount "72"]
[EventDate "2012.08.18"]
[EventType "swiss"]
[EventRounds "9"]
[EventCountry "CZE"]
[SourceTitle "CBM 150 Extra"]
[Source "ChessBase"]
[SourceDate "2012.10.19"]
[SourceVersion "1"]
[SourceVersionDate "2012.10.19"]
[SourceQuality "1"]

1. d4 Nf6 2. Nf3 d6 3. c4 g6 4. Nc3 Bg7 5. e4 0-0 6. Be2 Nbd7 7. 0-0 e5 8. d5 a5 9. a4 Nc5 10. Bg5 h6 11. Bxf6 Qxf6 12. Nd2 Qd8 13. Nb3 Nd7 14. Qd2 f5 15. f4 exf4 16. exf5 Rxf5 17. Rxf4 Nc5 18. Nxc5 dxc5 19. Bg4 Rxf4 20. Qxf4 Qe7 21. Bxc8 Rxc8 22. Qg3 Bd4+ 23. Kh1 Qf7 24. Qh3 Rf8 25. Qd3 Kg7 26. Rb1 Qf2 27. Ne4 Qf5 28. Re1 Re8 29. b3 Bf2 30. Qc3+ Bd4 31. Qd3 Rf8 32. Qe2 h5 33. Ng3 Qf2 34. Qe7+ Rf7 35. Qe2 Qxe2 36. Rxe2 h4 0-1

[Event "Plzen op"]
[Site "Plzen"]
[Date "2012.08.18"]
[Round "1"]
[White "Bartos, Jan"]
[Black "Hrdlicka, Vaclav"]
[Result "1-0"]
[WhiteElo "2211"]
[BlackElo "1740"]
[PlyCount "49"]
[EventDate "2012.08.18"]
[EventType "swiss"]
[EventRounds "9"]
[EventCountry "CZE"]
[SourceTitle "CBM 150 Extra"]
[Source "ChessBase"]
[SourceDate "2012.10.19"]
[SourceVersion "1"]
[SourceVersionDate "2012.10.19"]
[SourceQuality "1"]

1. d4 d5 2. c4 e6 3. Nf3 Nf6 4. Nc3 c6 5. e3 Nbd7 6. Bd3 dxc4 7. Bxc4 Nb6 8. Bd3 Be7 9. 0-0 0-0 10. e4 c5 11. e5 Nfd5 12. Ne4 cxd4 13. Nxd4 Nb4 14. Bb1 a6 15. a3 N4d5 16. Qh5 f5 17. exf6 Bxf6 18. Nxf6+ Nxf6 19. Qh4 Nbd5 20. Re1 Re8 21. Nf3 Ne7 22. Ng5 Nf5 23. Bxf5 exf5 24. Qc4+ Be6 25. Rxe6 1-0

[Event "Plzen op 3rd"]
[Site "Plzen"]
[Date "2011.11.24"]
[Round "7"]
[White "Hrdlicka, Vaclav"]
[Black "Bernloher, Ludwig"]
[Result "1/2-1/2"]
[WhiteElo "1664"]
[BlackElo "1885"]
[PlyCount "52"]
[EventDate "2011.11.19"]
[EventType "swiss"]
[EventRounds "9"]
[EventCountry "CZE"]
[SourceTitle "CBM 145 Extra"]
[Source "ChessBase"]
[SourceDate "2012.01.03"]
[SourceVersion "1"]
[SourceVersionDate "2012.01.03"]
[SourceQuality "1"]

1. d4 Nf6 2. Nf3 d5 3. c4 e6 4. Nc3 Be7 5. Bg5 Nbd7 6. e3 0-0 7. Rc1 c6 8. Bd3 dxc4 9. Bxc4 Nd5 10. Bxe7 Qxe7 11. 0-0 N5b6 12. Bb3 e5 13. d5 cxd5 14. Nxd5 Nxd5 15. Qxd5 e4 16. Nd2 Nf6 17. Qc5 Re8 18. Qc7 Bg4 19. Rc3 Rad8 20. Qxe7 Rxe7 21. Nb1 Kf8 22. Rfc1 a6 23. h3 Be2 24. Rc8 Red7 25. Rxd8+ Rxd8 26. Nc3 Bd3 1/2-1/2